| 000 | 00789cam a2200229 4500 | ||
|---|---|---|---|
| 001 | B2775 | ||
| 008 | 090401t1990 xxu||||| |||| 00| 0 eng d | ||
| 035 | _a(Sirsi) u52081 | ||
| 041 | _aeng | ||
| 050 | _a306.1 | ||
| 100 | _aBramley, Glen | ||
| 245 | _aBridging the affordability gap: report of research on access to a range of housing options | ||
| 260 |
_aBirmingham _bBEC Publications _c1990 |
||
| 300 | _a76p. : ill.,maps ; 30cm. | ||
| 350 | _a11 | ||
| 520 | _aReport of research carried out for the House Builders Federation and the Association of District Councils at the School for Advanced Urban Studies, University of Bristol . | ||
| 650 | _aHOUSING ASSOCIATIONS | ||
| 650 | _aLOW-COST HOUSING | ||
| 650 | _aPRIVATE SECTOR HOUSING | ||
| 942 | _n0 | ||
| 948 | _c04/03/1997 | ||
| 999 |
_c92989 _d92989 |
||